• 首页
  • 本馆介绍
  • 公告通知
  • 最新文献
  • 馆藏检索
  • 电子资源
  • 读者导购
  • 参考咨询
  • 我的图书馆
  • 登录
  • 详细信息显示
  • 放入我的书架
  • 预约/预借图书
  • 作者相关作品
  • 分类相关作品
  • 丛书相关作品
  • 出版社相关作品

书目信息

  • 表格格式
  • 工作单格式
  • 卡片格式
题名:
台球速成
    
 
作者: 张宝荣 编著
分册:  
出版信息: 北京   人民体育出版社  2000.08
页数: 216页
开本: 19cm
丛书名:
单 册:
中图分类: G893
科图分类:
主题词: 台球--基本知识
电子资源:
ISBN: 7-5009-1963-8
000 00539nam0 2200193 45
001 0311171697
005 20031219104121.7
010    @a7-5009-1963-8@dCNY13.00
100    @a20031117d2000 km y0chiy0120 ea
101 0  @achi
105    @aa z 000yy
200 1  @a台球速成@ATai Qiu Su Cheng@f张宝荣编著@FZhang Bao Rong Bian Zhu
210    @a北京@c人民体育出版社@d2000.08
215    @a216页@c图@d19cm
606 0  @a台球@x基本知识
690    @aG893@v4
701  0 @a张宝荣@4编著
801    @aCN@bTSTC@c20031117
905    @b328405-407@dG893@e174@f3
    
    台球速成/张宝荣编著.-北京:人民体育出版社,2000.08
    216页:图;19cm
    
    
    ISBN 7-5009-1963-8:CNY13.00
    
●
相关链接 在E读中查询图书 在五车中查询图书 在当当中查询图书 在豆瓣中查询图书


正题名:台球速成     索取号:G893/174         预约/预借

序号 登录号 条形码 馆藏地/架位号 状态 备注
1 0328405   203284052   第四借阅区/ [索取号:G893/174] 在馆    
2 0328406   203284061   第四借阅区/ [索取号:G893/174] 在馆    
3 0328407   203284070   第一样本阅览室/ [索取号:G893/174] 在馆    
唐山师范学院图书馆 欢迎您!
大连网信软件有限公司© 版权所有